| Tag |
First Indicator |
Second Indicator |
Subfields |
| LEADER |
00000cam a2200000 4500 |
| 001 |
in00000025642 |
| 005 |
20151007062521.0 |
| 008 |
720726s1960 nyu 00000 eng |
| 010 |
|
|
|a 60010407
|
| 035 |
|
|
|a (OCoLC)00365333
|
| 035 |
|
|
|9 AAD5102AM
|
| 040 |
|
|
|a DLC
|c WSU
|d TXA
|d UtOrBLW
|
| 049 |
|
|
|a TXAM
|c [322061]
|
| 050 |
|
0 |
|a PR6015.U36
|b L8 1960a
|
| 092 |
|
|
|a 821
|b H894
|
| 100 |
1 |
|
|a Hughes, Ted,
|d 1930-1998.
|
| 245 |
1 |
0 |
|a Lupercal.
|
| 264 |
|
1 |
|a New York :
|b Harper,
|c [1960]
|
| 300 |
|
|
|a 63 pages ;
|c 23 cm.
|
| 336 |
|
|
|a text
|b txt
|2 rdacontent
|
| 337 |
|
|
|a unmediated
|b n
|2 rdamedia
|
| 338 |
|
|
|a volume
|b nc
|2 rdacarrier
|
| 500 |
|
|
|a Poems.
|
| 586 |
|
|
|a Hawthornden Prize, 1961.
|
| 999 |
|
|
|a MARS
|
| 999 |
f |
f |
|s 56683845-d5ce-3c40-8dfc-2963bc026e2e
|i 192987bf-3c61-3201-89d5-8f91c32f2b42
|t 0
|
| 952 |
f |
f |
|p ric
|a Texas A&M University
|b Rellis Campus
|c Joint Library Facility
|d Remote Storage
|t 0
|e PR6015.U36 L8 1960a
|h Library of Congress classification
|i unmediated -- volume
|m A14801280993
|
| 998 |
f |
f |
|a PR6015.U36 L8 1960a
|t 0
|l Remote Storage
|